000 00421nam a2200181Ia 4500
001 5148
005 20260306145847.0
008 260306t1968||||xx |||||||||||||| ||spa||
041 _aESP
082 _a335.4
_bA66
100 _aAranguren, José Luis L.
_eAUT
245 0 _aEl marxismo como moral
260 _c1968
300 _a191 páginas :
_c18 cm.
650 _aGEN
654 _aCHU
942 _cLIB
_dJUS
_fJUS
_2ddc
_n
999 _c5148
_d5148